00565nam a2200145Ia 4500008004100000020001600041041000800057082002800065100002200093245004200115260004200157300000900199999001900208952019200227230411s9999 xx 000 0 und d a818813219-5 aeng aCH/610.73407/KIS/B06493 aKishore J9178206 aPractical and Viva Community Medicine bCentury PublicationsaNew Delhic2010 a450p c156896d156896 001040708CHaBTINbBTINd2010-12-21eB.J.Medical Co-oprative College Storesg400.00i2892l0oCH 610.73407 KIS B06493pBTIN-BK-6493r2023-04-11 00:00:00v360.00w2010-12-21yBKzB06493